000 00210nam a2200085 4500
001 1300979
005 20260422140238.0
245 _aZAMANA YOLCULARI ÇANAKKALE SAVAŞINDA
_cMUSTAFA ORAKÇI
260 _bGENÇ TİMAŞ
999 _c1300979
_d1300979